<?xml version="1.0" encoding="UTF-8"?>
<marc:record xmlns:marc="http://www.loc.gov/MARC21/slim">
   <marc:leader>00000nam a2200000 a 4500</marc:leader>
   <marc:datafield ind1=" " ind2=" " tag="653">
      <marc:subfield code="a">Aquarium</marc:subfield>
   </marc:datafield>
   <marc:datafield ind1=" " ind2=" " tag="653">
      <marc:subfield code="a">Delphin</marc:subfield>
   </marc:datafield>
   <marc:datafield ind1="0" ind2="0" tag="245">
      <marc:subfield code="a">Mein Freund der Delphin 2</marc:subfield>
   </marc:datafield>
   <marc:datafield ind1=" " ind2="1" tag="264">
      <marc:subfield code="c">2014</marc:subfield>
   </marc:datafield>
   <marc:datafield ind1="1" ind2=" " tag="520">
      <marc:subfield code="a">Einige Jahre sind vergangen, seit der junge Sawyer Nelson und das engagierte Team im Clearwater Marine Aquarium (CMA) unter Leitung von Dr. Clay Haskett Winter gerettet haben. Der junge Delfin hatte sich damals in einer Krebsfalle verfangen und dadurch seinen Schwanz verloren. Die Rettung gelang nur, weil Dr. Cameron McCarthy für den verletzten Delfin eine neuartige Schwanzprothese entwickelte. Die Chancen standen schlecht, doch Winter überlebte. Im Gegenzug half sie das Aquarium zu retten: Von nah und fern kamen die Menschen, um den mutigen Delfin persönlich zu sehen.</marc:subfield>
   </marc:datafield>
   <marc:datafield ind1="3" ind2=" " tag="024">
      <marc:subfield code="a">5051890291837</marc:subfield>
   </marc:datafield>
</marc:record>
